000 00569cam a22002291 4500
001 sa 66001201
003 DLC
005 20260227112220.0
008 890620s1961 ii 000 0 kano
010 _asa 66001201
035 _a(OCoLC)19900669
040 _aDLC
_cWaU
_dDLC
042 _apremarc
043 _aa-ii---
050 0 0 _aPL4650
_b.V4
100 1 _aVenkataramappa, K.,
_d1906-
245 1 0 _aKannaḍa sāhitya.
260 _c1961.
300 _aviii, 63 p.
_c16 cm.
500 _aIn Kannada.
650 0 _aKannada literature
_xHistory and criticism.
999 _c67627
_d67627